Mixed Word: Birds Quiz Stats

 Plays Quiz not verified by Sporcle

Score 0/20 Timer 03:00
0 Plays Today
Bird Answer % Correct
AyjJay
100%
WkiiKiwi
91.3%
LgaeeEagle
88.4%
RrpswoaSparrow
85.5%
LanidracCardinal
82.6%
GiponePigeon
82.6%
RentTern
82.6%
RreblwaWarbler
81.2%
UutlverVulture
81.2%
IunnegpPenguin
79.7%
Bird Answer % Correct
Woysn WolSnowy Owl
75.4%
GnidrbuimmhHummingbird
71%
RaptorParrot
69.6%
FoniamlgFlamingo
66.7%
KcoredwepoWoodpecker
63.8%
EuqazltQuetzal
53.6%
ToihcsrOstrich
49.3%
AccpkeoPeacock
47.8%
GasluelSeagull
47.8%
PyetraahrxtoecArchaeopteryx
14.5%

You're not logged in!

Compare scores with friends on all Sporcle quizzes.
OR
Log In

Show Comments

Extras

Top Quizzes Today


Score Distribution

Your Account Isn't Verified!

In order to create a playlist on Sporcle, you need to verify the email address you used during registration. Go to your Sporcle Settings to finish the process.

Report this User

Report this user for behavior that violates our Community Guidelines.

Details: